The physics problem solver (Record no. 71152)

MARC details
000 -LEADER
fixed length control field 00815cam a2200217 4500
005 - DATE AND TIME OF LATEST TRANSACTION
control field 20260415145216.0
008 - FIXED-LENGTH DATA ELEMENTS--GENERAL INFORMATION
fixed length control field 260415b nju|||||||| |||| 00| 0 eng d
020 ## - INTERNATIONAL STANDARD BOOK NUMBER
International Standard Book Number 0878915079
050 04 - LIBRARY OF CONGRESS CALL NUMBER
Classification number QC32
Item number P49 2000
245 04 - TITLE STATEMENT
Title The physics problem solver
Remainder of title : a complete solution guide to any textbook
Statement of responsibility, etc / staff of Research and Education Association ; M. Fogiel chief editor
246 10 - VARYING FORM OF TITLE
Title proper/short title Physics
250 ## - EDITION STATEMENT
Edition statement 1a ed.
260 ## - PUBLICATION, DISTRIBUTION, ETC. (IMPRINT)
Place of publication, distribution, etc Piscataway, New Jersey :
Name of publisher, distributor, etc Research and Education Association,
Date of publication, distribution, etc 2000
300 ## - PHYSICAL DESCRIPTION
Extent xvii, 1182 p. :
Other physical details il. ;
Dimensions 25 cm.
490 0# - SERIES STATEMENT
Series statement Research and Education Association Problem Solvers
500 ## - GENERAL NOTE
General note Incluye índice
650 #7 - SUBJECT ADDED ENTRY--TOPICAL TERM
Source of heading or term lemb
Topical term or geographic name as entry element Física
General subdivision Problemas y ejercicios
700 1# - ADDED ENTRY--PERSONAL NAME
Personal name Fogiel, M.
Relator term editor
710 2# - ADDED ENTRY--CORPORATE NAME
Corporate name or jurisdiction name as entry element Research and Education Association (United States)
942 ## - ADDED ENTRY ELEMENTS (KOHA)
Source of classification or shelving scheme Biblioteca del Cogreso de los Estados Unidos
Koha item type Libro
Holdings
Estado de pérdida Fuente de clasificación Estado del daño No para préstamo Ubicación permanente Ubicación actual Apartado o colección Fecha de adquisición Edición Área del conocimiento Total Checkouts Clasificación Código de Barras Date last seen Número de copia Costo por reposición Tipo de recurso
  Biblioteca del Cogreso de los Estados Unidos     Biblioteca de la Facultad de Ingeniería Civil Biblioteca de la Facultad de Ingeniería Civil General 15/04/2026 1a ed. Ciencias Naturales y Exactas   QC32 P49 r2005 BIC000003432 15/04/2026 1 1.00 Libro